00753nam a22001817a 4500003000900000008004100009040007100050082002000121245007200141260005200213300004400265440003400309505015200343650002400495650001500519650001300534700002400547AR-CdUCM190425b ||||| |||| 00| 0 spa d aMUNICIPALIDAD PROVINCIAL DEL CUSCOcBIBLIOTECA MUNICIPAL DEL CUSCO aSur/N°210/1991 aSur :bsemanario regional surandino /cGuido Delran Cousy, Director aCusco.bCentro Bartolomé de las Casas,c1991. a8 páginas. :bilustraciones ;c29 cm. aSur.nAño XIV, N°210,1991. aContenido: Restituyen fondo de compensación regional a gobiernos regional a gobiernos regionales. -- El rito Callawaya del Llakin Wijch´una. ... aSociedad cusqueña aPolítica aSiglo XX aCáceres, Efraín